[Event "World Chess Olympiad 2018"]
[Site "Batumi"]
[Date "2018.10.04"]
[Round "10"]
[Board "2"]
[WhiteFideId "13602276"]
[White "Maghalashvili Davit"]
[BlackFideId "108049"]
[Black "Flores Diego"]
[Result "1/2-1/2"]
[LiveChessVersion "1.4.8"]
[BlackElo "2621"]
[WhiteElo "2508"]

1. Nf3 {[%clk 1:30:55]} c5 {[%clk 1:29:55]} 2. c4 {[%clk 1:31:18]} g6
{[%clk 1:29:51]} 3. e4 {[%clk 1:31:25]} Nc6 {[%clk 1:28:35]} 4. d4
{[%clk 1:31:44]} cxd4 {[%clk 1:28:36]} 5. Nxd4 {[%clk 1:32:07]} Nf6
{[%clk 1:28:13]} 6. Nc3 {[%clk 1:32:17]} Nxd4 {[%clk 1:28:27]} 7. Qxd4
{[%clk 1:32:29]} d6 {[%clk 1:28:50]} 8. f3 {[%clk 1:27:31]} Bg7 {[%clk 1:28:49]}
9. Be3 {[%clk 1:27:38]} O-O {[%clk 1:28:42]} 10. Qd2 {[%clk 1:27:58]} Be6
{[%clk 1:28:38]} 11. Be2 {[%clk 1:25:46]} Qa5 {[%clk 1:28:25]} 12. Nd5
{[%clk 1:18:38]} Qxd2+ {[%clk 1:19:50]} 13. Kxd2 {[%clk 1:15:32]} Nxd5
{[%clk 1:18:51]} 14. cxd5 {[%clk 1:14:09]} Bd7 {[%clk 1:19:03]} 15. Rac1
{[%clk 1:13:01]} Rfc8 {[%clk 1:18:48]} 16. Rxc8+ {[%clk 1:04:06]} Rxc8
{[%clk 1:19:06]} 17. Rc1 {[%clk 1:04:02]} Rxc1 {[%clk 1:11:52]} 18. Kxc1
{[%clk 1:03:26]} a6 {[%clk 1:11:36]} 19. Kc2 {[%clk 1:02:36]} Kf8
{[%clk 1:10:53]} 20. b3 {[%clk 0:53:37]} e6 {[%clk 1:08:20]} 21. dxe6
{[%clk 0:50:31]} fxe6 {[%clk 1:06:57]} 22. Bc4 {[%clk 0:42:44]} Ke7
{[%clk 1:03:50]} 23. Bg5+ {[%clk 0:36:51]} Ke8 {[%clk 0:58:48]} 24. Bf4
{[%clk 0:34:10]} Ke7 {[%clk 0:56:13]} 25. Bg5+ {[%clk 0:34:03]} Ke8
{[%clk 0:50:56]} 26. Bf4 {[%clk 0:30:16]} Ke7 {[%clk 0:47:30]} 27. Bg5+
{[%clk 0:29:42]} Ke8 {[%clk 0:44:02]} 28. Bf4 {[%clk 0:29:26]} Ke7
{[%clk 0:44:06]} 29. Bg5+ {[%clk 0:29:51]} Ke8 {[%clk 0:44:25]} 30. Bf4
{[%clk 0:30:14]} Ke7 {[%clk 0:44:50]} 31. Bg5+ {[%clk 0:30:39]} 1/2-1/2

[Event "World Chess Olympiad 2018"]
[Site "Batumi"]
[Date "2018.10.04"]
[Round "10"]
[Board "3"]
[WhiteFideId "105309"]
[White "Peralta Fernando"]
[BlackFideId "13602608"]
[Black "Sanikidze Tornike"]
[Result "1-0"]
[LiveChessVersion "1.4.8"]
[BlackElo "2497"]
[WhiteElo "2569"]

1. d4 {[%clk 1:30:57]} d6 {[%clk 1:30:34]} 2. Nf3 {[%clk 1:31:01]} g6
{[%clk 1:30:58]} 3. c4 {[%clk 1:31:00]} f5 {[%clk 1:31:22]} 4. g3
{[%clk 1:30:22]} Nf6 {[%clk 1:31:43]} 5. Bg2 {[%clk 1:30:48]} Bg7
{[%clk 1:32:08]} 6. O-O {[%clk 1:31:11]} O-O {[%clk 1:32:34]} 7. Nc3
{[%clk 1:31:37]} e6 {[%clk 1:33:01]} 8. Qc2 {[%clk 1:29:24]} Nc6 {[%clk 1:32:39]}
9. Rd1 {[%clk 1:29:00]} Qe8 {[%clk 1:32:55]} 10. Rb1 {[%clk 1:17:47]} h6
{[%clk 1:05:08]} 11. b4 {[%clk 1:13:32]} Ne7 {[%clk 0:57:55]} 12. a4
{[%clk 0:56:12]} Rb8 {[%clk 0:49:32]} 13. h4 {[%clk 0:41:37]} b6 {[%clk 0:47:05]}
14. a5 {[%clk 0:36:10]} Bb7 {[%clk 0:46:20]} 15. Ra1 {[%clk 0:36:07]} bxa5
{[%clk 0:39:08]} 16. Rxa5 {[%clk 0:33:33]} Bxf3 {[%clk 0:36:43]} 17. Bxf3
{[%clk 0:33:21]} Rxb4 {[%clk 0:37:09]} 18. Qa2 {[%clk 0:25:44]} Nc6
{[%clk 0:31:49]} 19. Rb5 {[%clk 0:15:21]} a5 {[%clk 0:17:37]} 20. Ba3
{[%clk 0:14:55]} Rxb5 {[%clk 0:16:46]} 21. cxb5 {[%clk 0:14:58]} Nb4
{[%clk 0:15:07]} 22. Qb3 {[%clk 0:14:50]} g5 {[%clk 0:12:13]} 23. hxg5
{[%clk 0:14:33]} hxg5 {[%clk 0:12:25]} 24. Bxb4 {[%clk 0:14:34]} axb4
{[%clk 0:12:50]} 25. Qxb4 {[%clk 0:15:00]} d5 {[%clk 0:12:10]} 26. Ra1
{[%clk 0:08:59]} g4 {[%clk 0:07:09]} 27. Bg2 {[%clk 0:09:19]} f4 {[%clk 0:07:38]}
28. gxf4 {[%clk 0:07:59]} g3 {[%clk 0:08:07]} 29. f3 {[%clk 0:07:12]} Qg6
{[%clk 0:03:04]} 30. Qe7 {[%clk 0:03:08]} Ne4 {[%clk 0:02:44]} 31. Qb4
{[%clk 0:02:03]} Nd2 {[%clk 0:01:56]} 32. Nxd5 {[%clk 0:01:10]} exd5
{[%clk 0:00:48]} 33. Qxd2 {[%clk 0:01:33]} Rb8 {[%clk 0:00:44]} 34. e3
{[%clk 0:00:45]} Rxb5 {[%clk 0:01:07]} 35. Bf1 {[%clk 0:00:39]} Rb6
{[%clk 0:00:42]} 36. Bh3 {[%clk 0:00:43]} Qh5 {[%clk 0:00:36]} 37. Kg2
{[%clk 0:00:36]} c5 {[%clk 0:00:56]} 38. Qc2 {[%clk 0:00:40]} c4 {[%clk 0:00:32]}
39. Ra8+ {[%clk 0:00:38]} Bf8 {[%clk 0:00:42]} 40. Rd8 {[%clk 0:30:31]} c3
{[%clk 0:30:35]} 41. Qxc3 {[%clk 0:24:01]} Rb1 {[%clk 0:29:03]} 42. Qc5
{[%clk 0:16:18]} 1-0

[Event "World Chess Olympiad 2018"]
[Site "Batumi"]
[Date "2018.10.04"]
[Round "10"]
[Board "4"]
[WhiteFideId "13602250"]
[White "Quparadze Giga"]
[BlackFideId "117927"]
[Black "Perez Ponsa Federico"]
[Result "1/2-1/2"]
[LiveChessVersion "1.4.8"]
[BlackElo "2548"]
[WhiteElo "2495"]

1. e4 {[%clk 1:30:57]} c5 {[%clk 1:30:56]} 2. Nf3 {[%clk 1:31:05]} d6
{[%clk 1:31:20]} 3. Nc3 {[%clk 1:31:21]} Nf6 {[%clk 1:31:40]} 4. d4
{[%clk 1:31:21]} cxd4 {[%clk 1:32:04]} 5. Nxd4 {[%clk 1:31:47]} a6
{[%clk 1:32:29]} 6. Be2 {[%clk 1:30:57]} e5 {[%clk 1:32:54]} 7. Nb3
{[%clk 1:31:16]} Be7 {[%clk 1:33:18]} 8. Be3 {[%clk 1:31:40]} Be6
{[%clk 1:33:02]} 9. Nd5 {[%clk 1:31:31]} Nbd7 {[%clk 1:32:10]} 10. Qd3
{[%clk 1:31:45]} O-O {[%clk 1:31:21]} 11. O-O {[%clk 1:32:02]} Bxd5
{[%clk 1:29:43]} 12. exd5 {[%clk 1:32:26]} Nb6 {[%clk 1:30:08]} 13. c4
{[%clk 1:31:41]} a5 {[%clk 1:30:28]} 14. Nd2 {[%clk 1:25:56]} Nfd7
{[%clk 1:30:14]} 15. Bg4 {[%clk 1:24:58]} g6 {[%clk 1:27:41]} 16. Bh6
{[%clk 1:24:43]} Nc5 {[%clk 1:25:42]} 17. Qe2 {[%clk 1:24:17]} Re8
{[%clk 1:08:16]} 18. Nb3 {[%clk 1:22:51]} f5 {[%clk 0:49:38]} 19. Nxc5
{[%clk 1:23:03]} dxc5 {[%clk 0:50:04]} 20. Bh3 {[%clk 1:19:41]} Bg5
{[%clk 0:48:27]} 21. Bxg5 {[%clk 1:20:05]} Qxg5 {[%clk 0:48:55]} 22. g3
{[%clk 1:20:24]} Nc8 {[%clk 0:41:30]} 23. a3 {[%clk 1:16:51]} a4 {[%clk 0:38:37]}
24. Bg2 {[%clk 1:13:20]} Nd6 {[%clk 0:38:32]} 25. Rab1 {[%clk 1:13:10]} e4
{[%clk 0:29:08]} 26. Rfe1 {[%clk 1:12:56]} Qf6 {[%clk 0:25:10]} 27. Bf1
{[%clk 1:12:59]} Nf7 {[%clk 0:21:10]} 28. b4 {[%clk 1:10:49]} axb3
{[%clk 0:19:47]} 29. Rxb3 {[%clk 1:11:13]} Ne5 {[%clk 0:19:00]} 30. Reb1
{[%clk 1:11:05]} Nf3+ {[%clk 0:17:35]} 31. Kh1 {[%clk 1:11:13]} Nd4
{[%clk 0:15:03]} 32. Qb2 {[%clk 1:11:37]} f4 {[%clk 0:15:31]} 33. gxf4
{[%clk 1:10:15]} Qxf4 {[%clk 0:15:45]} 34. Rg3 {[%clk 1:09:58]} Rf8
{[%clk 0:13:01]} 35. Bg2 {[%clk 1:08:00]} Rae8 {[%clk 0:11:11]} 36. Rf1
{[%clk 1:03:03]} Nf5 {[%clk 0:07:26]} 37. Rb3 {[%clk 1:03:27]} Nd6
{[%clk 0:07:48]} 38. Qe2 {[%clk 1:02:32]} Re5 {[%clk 0:06:39]} 39. Bh3
{[%clk 0:59:57]} Kg7 {[%clk 0:04:31]} 40. Rg3 {[%clk 1:21:01]} Rf6
{[%clk 0:32:10]} 41. Kg1 {[%clk 1:20:11]} Nf7 {[%clk 0:26:33]} 42. Rb1
{[%clk 1:19:56]} b6 {[%clk 0:26:18]} 43. Qe3 {[%clk 1:16:43]} Qh4
{[%clk 0:23:44]} 44. Bg2 {[%clk 1:09:52]} Rd6 {[%clk 0:18:57]} 45. a4
{[%clk 1:09:54]} Qe7 {[%clk 0:16:19]} 46. a5 {[%clk 1:10:00]} Qa7
{[%clk 0:16:39]} 47. Rb5 {[%clk 1:10:06]} Rf6 {[%clk 0:14:24]} 48. Bf1
{[%clk 0:59:36]} bxa5 {[%clk 0:13:04]} 49. Qxc5 {[%clk 0:58:25]} Qxc5
{[%clk 0:11:40]} 50. Rxc5 {[%clk 0:58:50]} Ref5 {[%clk 0:12:09]} 51. Rxa5
{[%clk 0:51:10]} Rxf2 {[%clk 0:12:34]} 52. Ra1 {[%clk 0:51:28]} Rc2
{[%clk 0:12:00]} 53. Rg2 {[%clk 0:51:34]} Rc3 {[%clk 0:12:10]} 54. Rg3
{[%clk 0:51:22]} Rc2 {[%clk 0:11:39]} 55. Rg2 {[%clk 0:51:23]} Rc3
{[%clk 0:11:54]} 56. Rg3 {[%clk 0:51:15]} 1/2-1/2

[Event "World Chess Olympiad 2018"]
[Site "Batumi"]
[Date "2018.10.04"]
[Round "10"]
[Board "1"]
[WhiteFideId "1710400"]
[White "Grandelius Nils"]
[BlackFideId "813192"]
[Black "Vocaturo Daniele"]
[Result "1/2-1/2"]
[LiveChessVersion "1.4.8"]
[BlackElo "2615"]
[WhiteElo "2655"]

1. e4 {[%clk 1:30:23]} c5 {[%clk 1:30:36]} 2. Nf3 {[%clk 1:30:39]} e6
{[%clk 1:30:46]} 3. c3 {[%clk 1:28:32]} Nf6 {[%clk 1:30:45]} 4. e5
{[%clk 1:28:55]} Nd5 {[%clk 1:31:04]} 5. Bc4 {[%clk 1:29:19]} d6 {[%clk 1:30:51]}
6. O-O {[%clk 1:27:17]} dxe5 {[%clk 1:29:17]} 7. Nxe5 {[%clk 1:27:36]} Bd6
{[%clk 1:29:26]} 8. d4 {[%clk 1:27:00]} Qc7 {[%clk 1:21:10]} 9. Na3
{[%clk 1:16:37]} a6 {[%clk 1:16:15]} 10. Nf3 {[%clk 1:04:40]} O-O
{[%clk 1:11:58]} 11. Bxd5 {[%clk 1:02:26]} exd5 {[%clk 1:12:23]} 12. dxc5
{[%clk 1:02:52]} Bxc5 {[%clk 1:12:04]} 13. Nc2 {[%clk 1:01:31]} Bf5
{[%clk 1:08:09]} 14. Ne3 {[%clk 0:57:26]} Bxe3 {[%clk 1:08:22]} 15. Bxe3
{[%clk 0:57:49]} Be4 {[%clk 1:08:32]} 16. Ng5 {[%clk 0:53:26]} Qc6
{[%clk 0:56:45]} 17. Qd4 {[%clk 0:45:04]} Qg6 {[%clk 0:53:23]} 18. Nxe4
{[%clk 0:42:06]} dxe4 {[%clk 0:53:12]} 19. Rad1 {[%clk 0:40:53]} Nc6
{[%clk 0:45:48]} 20. Qb6 {[%clk 0:39:35]} Ne5 {[%clk 0:43:23]} 21. Rd6
{[%clk 0:34:41]} Nf3+ {[%clk 0:33:09]} 22. Kh1 {[%clk 0:31:26]} Qh5
{[%clk 0:33:28]} 23. h3 {[%clk 0:26:55]} Rae8 {[%clk 0:31:58]} 24. Rfd1
{[%clk 0:23:50]} Ne5 {[%clk 0:26:53]} 25. Qxb7 {[%clk 0:19:40]} f5
{[%clk 0:26:45]} 26. Qb3+ {[%clk 0:13:28]} Kh8 {[%clk 0:26:43]} 27. Bd4
{[%clk 0:12:57]} Nf7 {[%clk 0:22:12]} 28. Rd7 {[%clk 0:08:40]} f4
{[%clk 0:22:26]} 29. Rg1 {[%clk 0:06:10]} f3 {[%clk 0:16:59]} 30. Qd5
{[%clk 0:06:11]} Ne5 {[%clk 0:15:14]} 31. Bxe5 {[%clk 0:05:54]} Rxe5
{[%clk 0:14:52]} 32. Rd8 {[%clk 0:06:22]} fxg2+ {[%clk 0:13:57]} 33. Rxg2
{[%clk 0:06:35]} Qxh3+ {[%clk 0:13:30]} 34. Kg1 {[%clk 0:07:05]} Ree8
{[%clk 0:11:46]} 35. Rxe8 {[%clk 0:06:42]} Rxe8 {[%clk 0:12:12]} 36. Qf7
{[%clk 0:03:58]} Rg8 {[%clk 0:12:37]} 37. Rg3 {[%clk 0:04:06]} Qh6
{[%clk 0:11:54]} 38. b4 {[%clk 0:02:27]} Qd6 {[%clk 0:10:25]} 39. Kg2
{[%clk 0:01:40]} h6 {[%clk 0:09:20]} 40. Rg6 {[%clk 0:30:48]} Qe5
{[%clk 0:38:41]} 41. Qe6 {[%clk 0:21:40]} Qf4 {[%clk 0:35:41]} 42. Qd6
{[%clk 0:16:56]} Qf3+ {[%clk 0:35:10]} 43. Kf1 {[%clk 0:16:47]} Qh1+
{[%clk 0:34:15]} 44. Ke2 {[%clk 0:16:38]} Qf3+ {[%clk 0:32:50]} 45. Kf1
{[%clk 0:17:06]} Qh1+ {[%clk 0:26:09]} 46. Ke2 {[%clk 0:17:29]} Qf3+
{[%clk 0:25:25]} 1/2-1/2

[Event "World Chess Olympiad 2018"]
[Site "Batumi"]
[Date "2018.10.04"]
[Round "10"]
[Board "2"]
[WhiteFideId "800090"]
[White "Godena Michele"]
[BlackFideId "1706446"]
[Black "Tikkanen Hans"]
[Result "0-1"]
[LiveChessVersion "1.4.8"]
[BlackElo "2520"]
[WhiteElo "2501"]

1. e4 {[%clk 1:30:56]} c6 {[%clk 1:30:57]} 2. d4 {[%clk 1:31:14]} d5
{[%clk 1:31:22]} 3. exd5 {[%clk 1:31:34]} cxd5 {[%clk 1:31:45]} 4. Nf3
{[%clk 1:31:58]} Nc6 {[%clk 1:31:15]} 5. Bb5 {[%clk 1:32:06]} e6 {[%clk 1:10:04]}
6. Ne5 {[%clk 1:27:50]} Bd7 {[%clk 1:06:14]} 7. Nxd7 {[%clk 1:26:56]} Qxd7
{[%clk 1:06:42]} 8. c3 {[%clk 1:27:10]} Bd6 {[%clk 1:06:09]} 9. Nd2
{[%clk 1:24:59]} Nge7 {[%clk 0:47:30]} 10. O-O {[%clk 1:21:11]} Qc7
{[%clk 0:45:05]} 11. Nf3 {[%clk 1:11:55]} h6 {[%clk 0:45:09]} 12. Re1
{[%clk 1:08:07]} O-O-O {[%clk 0:42:28]} 13. Qe2 {[%clk 0:35:16]} g5
{[%clk 0:38:05]} 14. Ne5 {[%clk 0:22:48]} Bxe5 {[%clk 0:38:14]} 15. dxe5
{[%clk 0:23:13]} d4 {[%clk 0:38:14]} 16. cxd4 {[%clk 0:05:04]} Nxd4
{[%clk 0:37:43]} 17. Qf1 {[%clk 0:05:28]} Nc2 {[%clk 0:11:19]} 18. Bxg5
{[%clk 0:03:57]} hxg5 {[%clk 0:08:56]} 19. Rac1 {[%clk 0:04:08]} Kb8
{[%clk 0:08:26]} 20. Re2 {[%clk 0:03:44]} Nf5 {[%clk 0:08:03]} 21. Rexc2
{[%clk 0:01:06]} Qxe5 {[%clk 0:08:26]} 22. h3 {[%clk 0:01:29]} g4
{[%clk 0:08:09]} 23. Rc5 {[%clk 0:00:58]} Qd6 {[%clk 0:08:06]} 24. Bd3
{[%clk 0:00:39]} gxh3 {[%clk 0:06:14]} 25. Bxf5 {[%clk 0:01:06]} hxg2
{[%clk 0:05:39]} 26. Qxg2 {[%clk 0:01:32]} Qd1+ 27. Rxd1 {[%clk 0:00:37]} Rxd1+
{[%clk 0:05:41]} 28. Qf1 {[%clk 0:01:04]} Rg8+ {[%clk 0:06:03]} 0-1

[Event "World Chess Olympiad 2018"]
[Site "Batumi"]
[Date "2018.10.04"]
[Round "10"]
[Board "3"]
[WhiteFideId "1709437"]
[White "Blomqvist Erik"]
[BlackFideId "865834"]
[Black "Moroni Luca Jr"]
[Result "1/2-1/2"]
[LiveChessVersion "1.4.8"]
[BlackElo "2547"]
[WhiteElo "2499"]

1. e4 {[%clk 1:30:57]} e5 {[%clk 1:30:58]} 2. Nf3 {[%clk 1:31:19]} Nc6
{[%clk 1:31:26]} 3. Bb5 {[%clk 1:31:39]} a6 {[%clk 1:31:53]} 4. Ba4
{[%clk 1:32:00]} Nf6 {[%clk 1:32:19]} 5. O-O {[%clk 1:32:17]} b5 {[%clk 1:32:47]}
6. Bb3 {[%clk 1:32:37]} Bc5 {[%clk 1:33:14]} 7. c3 {[%clk 1:32:36]} d6
{[%clk 1:33:41]} 8. a4 {[%clk 1:32:14]} Rb8 {[%clk 1:34:06]} 9. d4
{[%clk 1:32:21]} Bb6 {[%clk 1:34:33]} 10. a5 {[%clk 1:32:23]} Ba7
{[%clk 1:34:59]} 11. h3 {[%clk 1:32:22]} O-O {[%clk 1:35:23]} 12. Be3
{[%clk 1:32:20]} Ra8 {[%clk 1:35:49]} 13. Re1 {[%clk 1:31:48]} h6
{[%clk 1:36:05]} 14. Nbd2 {[%clk 1:31:33]} Re8 {[%clk 1:36:31]} 15. Nf1
{[%clk 1:30:19]} exd4 {[%clk 1:36:26]} 16. cxd4 {[%clk 1:30:30]} Rxe4
{[%clk 1:36:40]} 17. Ng3 {[%clk 1:30:39]} Re7 {[%clk 1:36:54]} 18. Qd2
{[%clk 1:30:41]} d5 {[%clk 1:32:48]} 19. Rac1 {[%clk 1:30:32]} Bd7
{[%clk 1:32:00]} 20. Bxh6 {[%clk 1:02:24]} gxh6 {[%clk 1:11:19]} 21. Qxh6
{[%clk 0:58:03]} Nxd4 {[%clk 0:59:35]} 22. Qg5+ {[%clk 0:50:20]} Kf8
{[%clk 0:54:45]} 23. Qh6+ {[%clk 0:46:50]} Kg8 {[%clk 0:55:07]} 24. Qg5+
{[%clk 0:27:03]} Kf8 {[%clk 0:55:28]} 25. Qh6+ {[%clk 0:25:25]} Kg8
{[%clk 0:56:00]} 1/2-1/2

[Event "World Chess Olympiad 2018"]
[Site "Batumi"]
[Date "2018.10.04"]
[Round "10"]
[Board "4"]
[WhiteFideId "813613"]
[White "Brunello Sabino"]
[BlackFideId "1701754"]
[Black "Westerberg Jonathan"]
[Result "0-1"]
[LiveChessVersion "1.4.8"]
[BlackElo "2504"]
[WhiteElo "2552"]

1. c4 {[%clk 1:30:58]} e6 {[%clk 1:30:04]} 2. Nf3 {[%clk 1:31:13]} d5
{[%clk 1:28:17]} 3. g3 {[%clk 1:16:33]} Nf6 {[%clk 1:24:27]} 4. Bg2
{[%clk 1:16:35]} Be7 {[%clk 1:24:18]} 5. O-O {[%clk 1:15:25]} O-O
{[%clk 1:24:39]} 6. b3 {[%clk 1:14:16]} b6 {[%clk 1:23:02]} 7. cxd5
{[%clk 1:11:17]} Nxd5 {[%clk 1:22:16]} 8. Bb2 {[%clk 1:11:02]} Bb7
{[%clk 1:21:17]} 9. d4 {[%clk 0:59:42]} Nd7 {[%clk 1:13:14]} 10. Re1
{[%clk 0:55:42]} c5 {[%clk 1:04:07]} 11. e4 {[%clk 0:51:01]} N5f6
{[%clk 1:03:58]} 12. Nc3 {[%clk 0:51:23]} cxd4 {[%clk 0:59:31]} 13. Nxd4
{[%clk 0:51:46]} Bc5 {[%clk 0:58:38]} 14. Na4 {[%clk 0:34:08]} Bb4
{[%clk 0:52:53]} 15. Re2 {[%clk 0:33:12]} Nc5 {[%clk 0:49:51]} 16. Nxc5
{[%clk 0:20:46]} Bxc5 {[%clk 0:48:28]} 17. e5 {[%clk 0:18:16]} Bxg2
{[%clk 0:45:02]} 18. Kxg2 {[%clk 0:18:33]} Bxd4 {[%clk 0:43:12]} 19. Qxd4
{[%clk 0:17:19]} Nd5 {[%clk 0:39:29]} 20. Rc1 {[%clk 0:17:25]} Qd7
{[%clk 0:39:10]} 21. Rec2 {[%clk 0:14:59]} Qb7 {[%clk 0:35:03]} 22. f3
{[%clk 0:14:17]} Rfc8 {[%clk 0:34:45]} 23. Kf2 {[%clk 0:13:49]} Rxc2+
{[%clk 0:34:01]} 24. Rxc2 {[%clk 0:14:17]} Rc8 {[%clk 0:33:36]} 25. Qd2
{[%clk 0:05:39]} Rc6 {[%clk 0:28:06]} 26. a4 {[%clk 0:04:23]} a6 {[%clk 0:17:07]}
27. Bd4 {[%clk 0:04:18]} Qc7 {[%clk 0:16:42]} 28. Rxc6 {[%clk 0:04:41]} Qxc6
{[%clk 0:17:10]} 29. Ke2 {[%clk 0:04:25]} b5 {[%clk 0:15:33]} 30. axb5
{[%clk 0:04:28]} axb5 {[%clk 0:14:59]} 31. Qd3 {[%clk 0:03:37]} h5
{[%clk 0:10:39]} 32. Be3 {[%clk 0:01:23]} Qa6 {[%clk 0:10:01]} 33. Qc2
{[%clk 0:01:05]} Qa1 {[%clk 0:10:00]} 34. f4 {[%clk 0:00:33]} Qf1+
{[%clk 0:10:13]} 0-1

[Event "World Chess Olympiad 2018"]
[Site "Batumi"]
[Date "2018.10.04"]
[Round "10"]
[Board "1"]
[WhiteFideId "13900048"]
[White "Bologan Victor"]
[BlackFideId "14603152"]
[Black "Borisek Jure"]
[Result "1/2-1/2"]
[LiveChessVersion "1.4.8"]
[BlackElo "2578"]
[WhiteElo "2580"]

1. e4 {[%clk 1:23:31]} e5 {[%clk 1:30:48]} 2. Nf3 {[%clk 1:23:57]} Nc6
{[%clk 1:31:15]} 3. Bc4 {[%clk 1:24:16]} Bc5 {[%clk 1:31:22]} 4. O-O
{[%clk 1:24:34]} Nf6 {[%clk 1:31:47]} 5. d3 {[%clk 1:24:48]} d6 {[%clk 1:32:06]}
6. a4 {[%clk 1:24:39]} a6 {[%clk 1:31:09]} 7. Nbd2 {[%clk 1:20:03]} O-O
{[%clk 1:31:13]} 8. c3 {[%clk 1:18:32]} h6 {[%clk 1:31:29]} 9. Re1
{[%clk 1:16:33]} Re8 {[%clk 1:30:50]} 10. Nf1 {[%clk 1:16:39]} Ba7
{[%clk 1:31:10]} 11. Ng3 {[%clk 1:16:14]} Be6 {[%clk 1:23:48]} 12. Bxe6
{[%clk 1:15:19]} Rxe6 {[%clk 1:24:14]} 13. b4 {[%clk 1:13:48]} d5
{[%clk 1:19:13]} 14. h3 {[%clk 1:06:41]} Qd7 {[%clk 1:17:26]} 15. Qc2
{[%clk 1:03:45]} Rd8 {[%clk 1:17:46]} 16. Bd2 {[%clk 1:00:20]} dxe4
{[%clk 1:15:54]} 17. dxe4 {[%clk 1:00:14]} Rd6 {[%clk 1:16:02]} 18. Re2
{[%clk 0:57:53]} Qe6 {[%clk 1:14:18]} 19. Nf5 {[%clk 0:51:34]} R6d7
{[%clk 1:03:34]} 20. Be3 {[%clk 0:39:18]} Bxe3 {[%clk 0:54:36]} 21. Nxe3
{[%clk 0:38:34]} Ne7 {[%clk 0:50:56]} 22. Rd2 {[%clk 0:37:27]} Ng6
{[%clk 0:41:53]} 23. Rxd7 {[%clk 0:36:47]} Rxd7 {[%clk 0:42:10]} 24. c4
{[%clk 0:31:06]} Nf4 {[%clk 0:28:01]} 25. c5 {[%clk 0:26:11]} Nd3
{[%clk 0:25:21]} 26. b5 {[%clk 0:25:23]} axb5 {[%clk 0:18:42]} 27. axb5
{[%clk 0:25:16]} Nxe4 {[%clk 0:19:07]} 28. Ra8+ {[%clk 0:09:45]} Kh7
{[%clk 0:19:33]} 29. c6 {[%clk 0:10:02]} bxc6 {[%clk 0:19:56]} 30. bxc6
{[%clk 0:10:17]} Rd6 {[%clk 0:20:10]} 31. Ra7 {[%clk 0:10:16]} f5
{[%clk 0:06:18]} 32. Rxc7 {[%clk 0:09:05]} Nb4 {[%clk 0:06:42]} 33. Qa4
{[%clk 0:05:52]} Rxc6 {[%clk 0:06:16]} 34. Rxc6 {[%clk 0:05:30]} Nxc6
{[%clk 0:06:41]} 35. Nxf5 {[%clk 0:04:35]} Qxf5 {[%clk 0:06:20]} 1/2-1/2

[Event "World Chess Olympiad 2018"]
[Site "Batumi"]
[Date "2018.10.04"]
[Round "10"]
[Board "2"]
[WhiteFideId "14602296"]
[White "Sebenik Matej"]
[BlackFideId "13900200"]
[Black "Iordachescu Viorel"]
[Result "0-1"]
[LiveChessVersion "1.4.8"]
[BlackElo "2591"]
[WhiteElo "2570"]

1. Nf3 {[%clk 1:30:53]} Nf6 {[%clk 1:29:59]} 2. c4 {[%clk 1:31:17]} e6
{[%clk 1:29:13]} 3. Nc3 {[%clk 1:31:19]} Bb4 {[%clk 1:28:16]} 4. Qc2
{[%clk 1:31:13]} O-O {[%clk 1:27:09]} 5. a3 {[%clk 1:31:00]} Bxc3
{[%clk 1:27:24]} 6. Qxc3 {[%clk 1:31:24]} d6 {[%clk 1:27:32]} 7. e3
{[%clk 1:30:42]} a5 {[%clk 1:25:30]} 8. b3 {[%clk 1:28:48]} e5 {[%clk 1:22:57]}
9. d4 {[%clk 1:21:55]} Nc6 {[%clk 1:19:40]} 10. Bb2 {[%clk 1:15:41]} Re8
{[%clk 1:16:18]} 11. dxe5 {[%clk 1:00:51]} dxe5 {[%clk 1:15:54]} 12. Nd2
{[%clk 1:00:20]} Bf5 {[%clk 1:07:44]} 13. f3 {[%clk 0:48:20]} Nd7
{[%clk 1:05:32]} 14. Be2 {[%clk 0:37:02]} Nc5 {[%clk 1:02:36]} 15. O-O
{[%clk 0:35:36]} Qe7 {[%clk 0:56:37]} 16. Rfd1 {[%clk 0:34:41]} Bg6
{[%clk 0:54:02]} 17. Rf1 {[%clk 0:19:06]} f6 {[%clk 0:51:52]} 18. Rad1
{[%clk 0:19:12]} Rad8 {[%clk 0:49:09]} 19. Nb1 {[%clk 0:18:57]} Nd4
{[%clk 0:42:24]} 20. exd4 {[%clk 0:13:22]} exd4 {[%clk 0:42:41]} 21. Rxd4
{[%clk 0:13:13]} Qxe2 {[%clk 0:42:00]} 22. Rxd8 {[%clk 0:02:56]} Rxd8
{[%clk 0:42:13]} 23. Qxa5 {[%clk 0:01:10]} b6 {[%clk 0:37:16]} 24. Qc3
{[%clk 0:00:59]} Bxb1 {[%clk 0:36:49]} 0-1

[Event "World Chess Olympiad 2018"]
[Site "Batumi"]
[Date "2018.10.04"]
[Round "10"]
[Board "3"]
[WhiteFideId "13900463"]
[White "Svetushkin Dmitry"]
[BlackFideId "14604299"]
[Black "Skoberne Jure"]
[Result "1-0"]
[LiveChessVersion "1.4.8"]
[BlackElo "2565"]
[WhiteElo "2580"]

1. e4 {[%clk 1:30:49]} e6 {[%clk 1:30:52]} 2. d4 {[%clk 1:30:51]} d5
{[%clk 1:31:18]} 3. Nc3 {[%clk 1:31:17]} Nf6 {[%clk 1:31:43]} 4. Bg5
{[%clk 1:30:51]} dxe4 {[%clk 1:31:53]} 5. Nxe4 {[%clk 1:31:15]} Be7
{[%clk 1:32:20]} 6. Bxf6 {[%clk 1:30:18]} gxf6 {[%clk 1:32:43]} 7. Qd2
{[%clk 1:29:29]} b6 {[%clk 1:30:45]} 8. O-O-O {[%clk 1:29:41]} Bb7
{[%clk 1:30:35]} 9. Nc3 {[%clk 1:30:05]} c6 {[%clk 1:28:06]} 10. Be2
{[%clk 1:30:26]} Nd7 {[%clk 1:26:33]} 11. Bh5 {[%clk 1:28:27]} Qc7
{[%clk 1:16:32]} 12. Qh6 {[%clk 1:24:42]} Bf8 {[%clk 1:03:53]} 13. Qe3
{[%clk 1:22:37]} Qd6 {[%clk 1:04:20]} 14. Re1 {[%clk 1:16:49]} Rg8
{[%clk 0:55:06]} 15. Qh3 {[%clk 1:02:27]} Ke7 {[%clk 0:51:39]} 16. Nge2
{[%clk 0:55:30]} Rg7 {[%clk 0:39:14]} 17. Ne4 {[%clk 0:50:29]} Qc7
{[%clk 0:32:56]} 18. g3 {[%clk 0:42:01]} Re8 {[%clk 0:23:55]} 19. Nf4
{[%clk 0:36:55]} Kd8 {[%clk 0:24:21]} 20. Bxf7 {[%clk 0:36:08]} Rxf7
{[%clk 0:24:47]} 21. Nxe6+ {[%clk 0:36:35]} Rxe6 {[%clk 0:25:12]} 22. Qxe6
{[%clk 0:36:59]} Re7 {[%clk 0:25:37]} 23. Qg8 {[%clk 0:36:43]} c5
{[%clk 0:05:43]} 24. d5 {[%clk 0:29:12]} Qe5 {[%clk 0:05:51]} 25. c4
{[%clk 0:21:32]} Rg7 {[%clk 0:02:25]} 26. Qh8 {[%clk 0:21:32]} Qf5
{[%clk 0:01:32]} 27. Nd6 {[%clk 0:21:16]} Qg6 {[%clk 0:01:56]} 28. Re8+
{[%clk 0:12:43]} Qxe8 {[%clk 0:02:22]} 29. Nxe8 {[%clk 0:13:11]} Kxe8
{[%clk 0:02:34]} 30. h4 {[%clk 0:12:52]} b5 {[%clk 0:00:34]} 31. h5
{[%clk 0:10:57]} bxc4 {[%clk 0:00:35]} 32. Re1+ {[%clk 0:11:18]} Kd8
{[%clk 0:01:00]} 33. h6 {[%clk 0:10:55]} Rf7 {[%clk 0:00:48]} 34. Qg8
{[%clk 0:04:42]} Bxd5 {[%clk 0:00:53]} 35. Qg4 {[%clk 0:04:44]} Ne5
{[%clk 0:00:33]} 36. Qf5 {[%clk 0:05:07]} Bxh6+ {[%clk 0:00:33]} 37. f4
{[%clk 0:05:32]} Nd3+ {[%clk 0:00:45]} 38. Kb1 {[%clk 0:05:11]} Nxe1
{[%clk 0:00:31]} 39. Qxd5+ {[%clk 0:05:35]} Rd7 {[%clk 0:00:57]} 40. Qa8+
{[%clk 0:35:59]} Kc7 {[%clk 0:31:21]} 41. Qxa7+ {[%clk 0:36:13]} Kd6
{[%clk 0:19:17]} 42. Qb6+ {[%clk 0:34:49]} Ke7 {[%clk 0:17:29]} 43. Qxc5+
{[%clk 0:35:11]} Ke8 {[%clk 0:17:00]} 44. Qh5+ {[%clk 0:35:08]} 1-0